| 000 | 01119nam a22003137a 4500 | ||
|---|---|---|---|
| 001 | BR8500820 | ||
| 003 | BR-BrBNA | ||
| 005 | 20230928092053.0 | ||
| 007 | ta | ||
| 008 | 230509b bl.||||| |||| 00| 0 por d | ||
| 040 |
_aBR-BrBNA _bpor _cBiblioteca Nacional de Agricultura |
||
| 041 | _a(Por) | ||
| 072 |
_aF60; F25 _b0150 |
||
| 090 | _ 0150 BR8500820 | ||
| 100 | 1 | _aMoraes, S.O. | |
| 110 | 1 |
_aEscola Superior de Agricultura Luiz de Queiroz, Piracicaba, SP (Brasil) _0Tese (Mestre em Agronomia) |
|
| 245 | 1 | _aInfluencia da vermiculita expandida no balanco hidrico e na producao de uma cultura de arroz (Oryza sativa, L.)em casa de vegetacao | |
| 246 | 1 | _aInfluence of expanding vermiculite on water balance and yield of a rice (Oryza sativa L.)crop in greenhouse | |
| 260 | 3 |
_aPiracicaba, SP (Brasil): _c1984. |
|
| 300 | _a139 p. | ||
| 500 | _a8 illus.; 45 tables; Bibliography p. 83-93 (78 ref.); Summaries (Eng, Por) | ||
| 650 | _aARROZ | ||
| 650 | _aVERMICULITA | ||
| 650 | _aBALANCO HIDRICO | ||
| 650 | _aADUBACAO | ||
| 650 | _aSEMEADURA | ||
| 909 |
_a202309 _bLucia _c55 _dLucia Elande |
||
| 942 | _cBK | ||
| 999 |
_c36991 _d36991 |
||